000 01314cam a2200385 i 4500
001 43355
003 Mx-PuUPA
005 20251106115708.0
008 140415s2007 mx gr 000 0 spa d
020 _a9789706991768
020 _a970699176X
040 _aMx-PuUPA
_cMx-PuUPA
_bspa
_dMx-PuUPA
_erda
041 0 _aspa
043 _an-mx---
043 _an-us---
100 1 _aAstorga Almanza, Luis Alejandro,
_d1953-
_917627
_eautor
245 1 0 _aSeguridad, traficantes y militares :
_bel poder y la sombra /
_cLuis Astorga
250 _a1a. edición /
_bseptiembre
264 1 _aMéxico, D. F. :
_bTusquets Editores México,
_c2007
300 _a337 páginas ;
_c23 cm
336 _2rdacontent
_atexto
_btxt
337 _2rdamedia
_asin medio
_bn
338 _2rdacarrier
_avolumen
_bnc
490 0 _aTiempo de memoria
650 7 _913986
_2armarc
_aControl de drogas
_zMéxico
650 7 _2armarc
_aTráfico de drogas
_zMéxico
650 7 _2armarc
_aSeguridad nacional
_zMéxico
650 7 _2armarc
_aSeguridad nacional
_zEstados Unidos
651 4 _aMéxico
_xPolítica militar
942 _2ddc
_cLI
_h363.2840972
_iA85
999 _c43355
_d43355